000 00456nam a22001697a 4500
005 20260505111334.0
008 260505b |||||||| |||| 00| 0 eng d
020 _a978-1-119-36904-2
082 _a658.872
_bPAD-M
100 _aPadveen, Corey
245 _aMarketing to Millennials for Dummies
260 _a New Jersey
_bJohn Wiley & Sons, Inc
_c2017
300 _a363 p.
500 _aIncludes index.
650 _aMarketing Management
942 _cBK
999 _c47510
_d47510